[Event "48th Capablanca Open II 2013"]
[Site "Havana CUB"]
[Date "2013.04.28"]
[Round "7.38"]
[White "Castro Bello,Carlos Javier"]
[Black "Roca Rojas,A"]
[Result "0-1"]
[WhiteElo "1980"]
[BlackElo "2092"]

1.e4 c5 2.c3 Nf6 3.e5 Nd5 4.d4 cxd4 5.cxd4 Nc6 6.Nf3 d6 7.Bc4 Nb6 8.Bb5 e6
9.Nc3 Bd7 10.O-O a6 11.Be2 d5 12.Bg5 Ne7 13.Rc1 h6 14.Bh4 g5 15.Bg3 Ng6 16.h3 h5
17.Nd2 h4 18.Bh2 Bh6 19.Bg4 O-O 20.Re1 Nc8 21.Nf3 Kg7 22.Qd3 Nce7 23.b4 b5
24.a3 Rc8 25.Rc2 a5 26.Rec1 axb4 27.axb4 Rc4 28.Na2 Qb6 29.Rxc4 bxc4 30.Qc2 Ra8
31.Rb1 Ra3 32.Nc1 Nc6 33.Qb2 Ra4 34.Na2 Qa7 35.Nc3 Rxb4 36.Qc2 Rxb1+ 37.Qxb1 Nxd4
38.Qd1 Nxf3+ 39.Qxf3 Qa1+ 40.Nd1 Nxe5  0-1

[Event "48th Capablanca Open I 2013"]
[Site "Havana CUB"]
[Date "2013.04.28"]
[Round "7.11"]
[White "Soto Hernandez,H"]
[Black "Espinosa Veloz,E"]
[Result "1-0"]
[WhiteElo "2383"]
[BlackElo "2461"]

1.e4 c5 2.c3 Nf6 3.e5 Nd5 4.d4 cxd4 5.Nf3 Nc6 6.cxd4 d6 7.Bc4 Nb6 8.Bb5 Bd7
9.Nc3 dxe5 10.dxe5 g6 11.O-O Bg7 12.Bf4 O-O 13.h3 a6 14.Bd3 Be6 15.Re1 Nc4
16.Bxc4 Bxc4 17.b3 Be6 18.Qe2 Nd4 19.Qd3 Nxf3+ 20.Qxf3 Qa5 21.Ne4 Bd5 22.Qe2 Rac8
23.h4 Qb4 24.Rad1 Rfd8 25.Bg3 Bc6 26.Rc1 Rd4 27.Ng5 h6 28.Nf3 Rdd8 29.e6 f6
30.Qe3 g5 31.hxg5 hxg5 32.Rc4 Qa5 33.Nd4 Be8 34.Rxc8 Rxc8 35.Rd1 Rd8 36.Rd2 f5
37.Qxg5 Rd5 38.Bf4 Qc5 39.Nf3 Rxd2 40.Bxd2 Bc6 41.Be3  1-0

[Event "Western Pacific Open 2013"]
[Site "Los Angeles USA"]
[Date "2013.04.28"]
[Round "4"]
[White "Sevillano,E"]
[Black "Sarkar,J"]
[Result "1/2-1/2"]
[WhiteElo "2500"]
[BlackElo "2437"]

1.e4 c5 2.c3 Nf6 3.e5 Nd5 4.Nf3 Nc6 5.d4 cxd4 6.cxd4 d6 7.Bc4 dxe5 8.dxe5 Ndb4
9.Qxd8+ Nxd8 10.Na3 Be6 11.O-O Bxc4 12.Nxc4 Rc8 13.b3 g6 14.Be3 Ndc6 15.a4 Nc2
16.Rad1 Nxe3 17.fxe3 Bh6 18.Nd4 Nb4 19.e6 O-O 20.exf7+ Rxf7 21.Ne6 Nc2 22.Rd3 Rxf1+
23.Kxf1 Rc6 24.Rd8+ Kf7 25.Nd4 Nxd4 26.exd4 Bf4 27.g3 Bc7 28.Ra8 a6 29.Rc8 Ke6
30.Ke2 Kd7 31.Rh8 b5 32.axb5 axb5 33.Na3 Bd6 34.Nxb5 Rc2+ 35.Kd3 Rxh2 36.Nxd6 Kxd6
37.b4 Rh3 38.Ke4 Rxg3 39.Rxh7 Rb3 40.Rg7 Rxb4 41.Rxg6+  1/2-1/2

[Event "2nd Jan Van Leeuwen Memorial"]
[Site "Ghent BEL"]
[Date "2013.04.30"]
[Round "6.5"]
[White "Achtergaele,K"]
[Black "Carlier,Sven"]
[Result "1/2-1/2"]
[WhiteElo "2071"]
[BlackElo "1873"]

1.e4 c5 2.c3 Nf6 3.e5 Nd5 4.d4 cxd4 5.Nf3 e6 6.cxd4 d6 7.Bd2 Bd7 8.Nc3 Bc6
9.Bd3 Nd7 10.O-O dxe5 11.Nxe5 Nxc3 12.Bxc3 Nxe5 13.dxe5 Qd5  1/2-1/2

[Event "15th Ajuinentornooi 2013"]
[Site "Aalst BEL"]
[Date "2013.05.01"]
[Round "3.11"]
[White "Van Zeebroeck,Sam"]
[Black "Vermeiren,B"]
[Result "0-1"]
[WhiteElo "1814"]
[BlackElo "2008"]

1.e4 c5 2.c3 Nf6 3.e5 Nd5 4.d4 e6 5.Nf3 cxd4 6.cxd4 Bb4+ 7.Bd2 Nc6 8.Nc3 d6
9.Bd3 dxe5 10.dxe5 Nxc3 11.Bxc3 Bxc3+ 12.bxc3 Qa5 13.O-O Nxe5 14.Nxe5 Qxe5
15.Re1 Qc7 16.Qg4 O-O 17.Re3 g6 18.Rb1 Bd7 19.h4 Bc6 20.h5 f5 21.Qg5 Qf7
22.Bc4 Rae8 23.Rbe1 Bd5 24.Bxd5 exd5 25.Re7 Rxe7 26.Rxe7 Qf6 27.Qxf6 Rxf6
28.hxg6 hxg6 29.Rxb7 Ra6 30.Rb5 Rxa2 31.Rxd5 a5 32.c4 a4 33.c5 Rc2 34.Rd4 a3
35.Ra4 a2 36.Kh2 Rxf2 37.c6 Rc2 38.c7 Rxc7 39.Rxa2 Kf7 40.Kg3 Kf6 41.Kf3 Rc4
42.Kg3 Rc3+ 43.Kf2 Kg5 44.Ra6 f4 45.Rb6 Rg3 46.Ra6 Kf5 47.Ra5+ Kg4 48.Rb5 Ra3
49.Rb2 Re3 50.Rb5 g5 51.Ra5 Rb3 52.Ra2 Kh4 53.Rc2 g4 54.Rd2 g3+ 55.Ke2 Kg4
56.Kf1 Rb1+ 57.Ke2 Rg1 58.Kd3 Rxg2 59.Rxg2 f3 60.Ra2 g2  0-1

[Event "ch-KGZ Women 2013"]
[Site "Bishkek KGZ"]
[Date "2013.05.02"]
[Round "2"]
[White "Musaeva,Shakhnazi"]
[Black "Alymbay,Kyzy Aizhan"]
[Result "1-0"]
[WhiteElo "1521"]
[BlackElo "1815"]

1.e4 c5 2.c3 Nf6 3.e5 Nd5 4.Nf3 Nc6 5.Bc4 Nb6 6.Bb3 e6 7.O-O d6 8.exd6 Bxd6
9.d4 cxd4 10.Nxd4 O-O 11.Be3 Qe7 12.Qe2 Nd5 13.Bxd5 exd5 14.Re1 f5 15.Qd2 Nxd4
16.Bxd4 Qc7 17.Be5 Be6 18.Bxd6 Qxd6 19.Na3 Rf6 20.Nb5 Qc5 21.Nd4 Bf7 22.Re5 Bg6
23.Nb3 Qb6 24.Qxd5+ Bf7 25.Qb5 Qd6 26.Rxf5 Rh6 27.Qe5 Qb6 28.Qb5 Qd6 29.h3 Be6
30.Rf3 Rg6 31.Nd4 Bd5 32.Nf5 Qe6 33.Qxd5 Qxd5 34.Ne7+  1-0

[Event "25th ch-ALG 2013"]
[Site "Algiers ALG"]
[Date "2013.05.03"]
[Round "8.3"]
[White "Nassr,A"]
[Black "Talbi,Chafik"]
[Result "1/2-1/2"]
[WhiteElo "2050"]
[BlackElo "2173"]

1.e4 c5 2.c3 Nf6 3.e5 Nd5 4.Nf3 Nc6 5.Bc4 Nb6 6.Bb3 d5 7.exd6 Qxd6 8.d4 cxd4
9.cxd4 Bf5 10.Nc3 e6 11.O-O Be7 12.Be3 O-O 13.a3 Rfd8 14.Qe2 Rac8 15.Rac1 Bf6
16.Rfd1 Ne7 17.Ng5 Ned5 18.Nge4 Qe7 19.Nxd5 Nxd5 20.Bxd5 exd5 21.Rxc8 Rxc8
22.Nxf6+ Qxf6 23.Qb5 Qc6  1/2-1/2

[Event "Mistrzostwa Malopolski A"]
[Site "Krakow POL"]
[Date "2013.05.03"]
[Round "7.12"]
[White "Zadlo,Ma"]
[Black "Klementys,J"]
[Result "1-0"]
[WhiteElo "1814"]
[BlackElo "1800"]

1.e4 c5 2.c3 Nf6 3.e5 Nd5 4.d4 cxd4 5.cxd4 d6 6.Nf3 e6 7.a3 Nc6 8.Bd3 Be7
9.O-O O-O 10.Qe2 f5 11.exf6 Bxf6 12.Qe4 g6 13.Bh6 Rf7 14.h4 Nde7 15.Ng5 Bxg5
16.Bxg5 Qb6 17.Bxe7 Nxe7 18.Nd2 d5 19.Qe3 Nf5 20.Bxf5 Rxf5 21.Nf3 Qxb2 22.Rab1 Qc2
23.Rfc1 Qe4 24.Qxe4 dxe4 25.Ne5 b6 26.Rc7 Ba6 27.Rbc1 Rff8 28.Ng4 Rac8 29.Nh6+ Kh8
30.g4 Bb7 31.g5 a5 32.Ng4 Rxc7 33.Rxc7 Bd5 34.Nf6 Rxf6 35.gxf6 b5 36.Rc8+  1-0

[Event "8th Angers Open"]
[Site "Angers FRA"]
[Date "2013.05.04"]
[Round "3.11"]
[White "Gac,J"]
[Black "Julien,Jules-Alois"]
[Result "0-1"]
[WhiteElo "1526"]
[BlackElo "1946"]

1.e4 c5 2.c3 Nf6 3.e5 Nd5 4.d4 cxd4 5.cxd4 Nc6 6.Nf3 d6 7.Be2 Bf5 8.O-O e6
9.Bd2 Qb6 10.Bc3 Rd8 11.Qc1 Be7 12.Nbd2 Nxc3 13.bxc3 dxe5 14.Nc4 Qc7 15.Ncxe5 Nxe5
16.Nxe5 O-O 17.Bg4 Bxg4 18.Nxg4 Rc8 19.Qb2 Qxc3 20.Qxb7 Rc7 21.Qe4 Rd8 22.Rfd1 Rcd7
23.Rab1 Rxd4 24.Rxd4 Qxd4 25.Qxd4 Rxd4 26.Rb8+ Bf8 27.h3 f6 28.Rb7 a5 29.Rb2 Bd6
30.Kf1 a4 31.Ke2 e5 32.Rd2 Rxd2+ 33.Kxd2 Kf7 34.Ne3 Ke6 35.Kd3 f5 36.f3 Bc5
37.Nc2 Kd5 38.Kc3 e4 39.fxe4+ fxe4 40.Ne1 Bf2 41.Nc2 Ke5 42.Kd2 Kf4 43.g4 Kg3
44.Ke2 Bc5 45.g5 Kxh3 46.Ne3 Bxe3 47.Kxe3 Kg4 48.Kxe4 Kxg5  0-1

[Event "8th Angers Open"]
[Site "Angers FRA"]
[Date "2013.05.04"]
[Round "4.6"]
[White "Gac,Riwal"]
[Black "Pailhe,L"]
[Result "0-1"]
[WhiteElo "1325"]
[BlackElo "1988"]

1.e4 c5 2.c3 Nf6 3.e5 Nd5 4.d4 cxd4 5.cxd4 Nc6 6.Nf3 d6 7.exd6 Qxd6 8.Nc3 g6
9.Nxd5 Qxd5 10.Be3 Bg7 11.Be2 O-O 12.O-O Rd8 13.Re1 Nxd4 14.Nxd4 Bxd4 15.Bxd4 Qxd4
16.Qxd4 Rxd4 17.Bf3 Be6 18.b3 Rd7 19.Re4 Rad8 20.Ree1 b6 21.Red1 Kg7 22.Rxd7 Rxd7
23.Rd1 Rxd1+ 24.Bxd1 Kf6 25.Kf1 Ke5 26.Ke2 Bg4+ 27.Kd2 Bxd1 28.Kxd1 Kd4 29.Kd2 e5
30.h4 h5 31.g3 f5 32.a3 a5 33.f3 e4 34.f4 e3+ 35.Ke2 b5 36.b4 axb4 37.axb4 Kc4
38.Kxe3 Kxb4 39.Kd2 Ka3 40.Kc2 b4 41.Kc1 Ka2 42.Kc2 b3+  0-1

[Event "Mistrzostwa Malopolski A"]
[Site "Krakow POL"]
[Date "2013.05.05"]
[Round "9.1"]
[White "Jakubiec,A"]
[Black "Mikrut,D"]
[Result "1/2-1/2"]
[WhiteElo "2531"]
[BlackElo "2361"]

1.e4 c5 2.c3 Nf6 3.e5 Nd5 4.Nf3 Nc6 5.d4 cxd4 6.cxd4 d6 7.Bc4 Nb6 8.Bb5 Bd7
9.Nc3 dxe5 10.dxe5 a6 11.Be2 Bg4 12.Be3 Qxd1+ 13.Rxd1 Nd7 14.h3 Bxf3 15.e6 fxe6
16.Bxf3 Nde5 17.Be2 g6 18.O-O Bg7 19.Ne4 Nf7 20.Nc5 Nfd8 21.Bc4 Bxb2 22.Nxe6 Nxe6
23.Bxe6 Be5 24.Rfe1 Rd8 25.Bb6 Rxd1 26.Rxd1 Rf8 27.Rb1 Bd4 28.Bxd4 Nxd4 29.Bc8 Rf6
30.Bxb7 Ne2+ 31.Kh2 Nc3 32.Rb2 Nd1 33.Rd2 Nc3 34.Rc2 Nb5 35.f3 Rb6 36.Bd5 e6
37.Be4 Nd6 38.Bd3 Kd7 39.Rc5 Nb7 40.Rc4 Kd6  1/2-1/2

[Event "Deltalift Open 2013"]
[Site "Halmstad SWE"]
[Date "2013.05.10"]
[Round "5"]
[White "Arnelind,M"]
[Black "Stray,G"]
[Result "0-1"]
[WhiteElo "2164"]
[BlackElo "2050"]

1.e4 c5 2.c3 Nf6 3.e5 Nd5 4.d4 e6 5.Nf3 Nc6 6.Bc4 d6 7.O-O Be7 8.Qe2 cxd4
9.cxd4 Nb6 10.Bb5 Bd7 11.Nc3 a6 12.Bd3 d5 13.Be3 Rc8 14.Nd2 Na5 15.Qg4 g6
16.Bh6 Nac4 17.Nxc4 Nxc4 18.Bxc4 Rxc4 19.Rfd1 f5 20.exf6 Bxf6 21.Qf4 g5 22.Qe3 Kf7
23.f4 Rg8 24.fxg5 Bxg5 25.Rf1+ Ke8 26.Qf3 Qe7 27.Qh5+ Kd8 28.Rf8+ Qxf8 29.Bxf8 Be3+
30.Kh1 Rxf8 31.Qxh7 Bxd4 32.h3 Bc5 33.Rd1 Rcf4 34.Qd3 Bd6 35.a3 Bc6 36.b4 b5
37.Qe2 R8f6 38.Kg1 Bc7 39.Qe3 Kc8 40.Ne2 Re4 41.Qc3 e5 42.Ng3 Rc4 43.Qe3 Kb7
44.Qg5 Rf7 45.Nf5 d4 46.Qg6 Rd7 47.h4 d3 48.h5 d2 49.Qg5 Rf4 50.h6 Be4 51.Ne3 Bb6
52.Qg3 Bc2 53.h7 Bxh7 54.Kh2 Be4 55.Rxd2 Rxd2 56.Qg7+ Bc7  0-1

[Event "Deltalift Open 2013"]
[Site "Halmstad SWE"]
[Date "2013.05.10"]
[Round "6"]
[White "Bengtsson,Je"]
[Black "Astrom,Lars"]
[Result "1/2-1/2"]
[WhiteElo "1887"]
[BlackElo "1968"]

1.e4 c5 2.c3 Nf6 3.e5 Nd5 4.d4 cxd4 5.Nf3 Nc6 6.cxd4 e6 7.Bc4 d6 8.O-O Be7
9.Qe2 b6 10.Nc3 Nxc3 11.bxc3 d5 12.Bd3 O-O 13.Bc2 f6 14.exf6 Bxf6 15.Qd3 g6
16.Re1 Bd7 17.Bh6 Rf7 18.Qe3 Rc8 19.Rad1 Ne7 20.Ng5 Bxg5 21.Bxg5 Qc7 22.Bxe7 Rxe7
23.Qg5 Rf7 24.Re3 Qf4 25.Qxf4 Rxf4 26.Bb3 Rc7 27.Kf1 Rf8 28.Ke1 Rfc8 29.Kd2 b5
30.Rb1 a5 31.Bd1 Kf7 32.Rf3+ Kg7 33.Re3 Kf7 34.Rf3+ Ke7 35.Rh3 Kd6 36.Re3 Rc4
37.Bb3 R4c7 38.Bd1 Rc4 39.Bb3 R4c7 40.Bd1 Rc4  1/2-1/2

[Event "FSIMA May 2013"]
[Site "Budapest HUN"]
[Date "2013.05.12"]
[Round "9.4"]
[White "Bouzidi,Ahmed"]
[Black "Aryan,C"]
[Result "1/2-1/2"]
[WhiteElo "2161"]
[BlackElo "2120"]

1.e4 c5 2.c3 Nf6 3.e5 Nd5 4.Bc4 e6 5.Nf3 d6 6.d4 Be7 7.O-O O-O 8.Qe2 cxd4
9.cxd4 Nc6 10.Nbd2 Na5 11.Bb5 Bd7 12.Ne4 Bxb5 13.Qxb5 dxe5 14.dxe5 Qb6 15.Qe2 Qa6
16.Qxa6 bxa6 17.b3 Rac8 18.Bd2 Nb7 19.Rac1 Nc5 20.Nxc5 Rxc5 21.Rxc5 Bxc5
22.Rc1 Bb6 23.Kf1 Rd8 24.Bg5 f6 25.exf6 gxf6 26.Bd2 Kf7 27.Rc4 e5 28.Rh4 Kg7
29.Rg4+ Kf7 30.g3 Rc8 31.Rh4 Rc2 32.a4 a5 33.Rxh7+ Kg6 34.Rh4 Rb2 35.Re4 Rxb3
36.Kg2 Rb2 37.g4 Bc7 38.Rc4 f5 39.gxf5+ Kxf5 40.Rc5 Ke6 41.Bxa5 Nf4+ 42.Kg3 Bd6
43.Rb5 Ra2 44.Ng5+ Kf5 45.Nf7 Ne2+ 46.Kh3 Nf4+ 47.Kg3 Ne2+ 48.Kh4 Be7+ 49.Kh5 Nf4+
50.Kh6 Rxf2 51.h4 Bxh4 52.Rxe5+ Kg4 53.Re4 Re2 54.Rc4 Re7 55.Kg7 Kf5 56.Rc5+ Ke4
57.Rc8 Ne6+ 58.Kg8 Kd5 59.Bd2 Rc7 60.Rb8 Nc5 61.a5 Rb7 62.Re8 Nd7 63.Re2 Nf6+
64.Kg7 Nh5+ 65.Kg8 Nf6+ 66.Kf8 Nh7+ 67.Kg7 Ng5 68.Re5+ Kd4 69.Be3+ Kc4 70.Bxg5 Bxg5
71.Rxg5 Kb4 72.Kf6 Rb5 73.Ne5 Kxa5 74.Rg4 Rb6+  1/2-1/2

[Event "VIII American Continental 2013"]
[Site "Cochabamba BOL"]
[Date "2013.05.13"]
[Round "9.39"]
[White "Ramirez M.,E"]
[Black "Vidaurre,L"]
[Result "1-0"]
[WhiteElo "1996"]
[BlackElo "1836"]

1.e4 c5 2.c3 Nf6 3.e5 Nd5 4.g3 d6 5.exd6 Qxd6 6.Bg2 Nc6 7.Ne2 Bf5 8.O-O e6
9.d4 cxd4 10.Nxd4 Nxd4 11.Qxd4 f6 12.Rd1 Be7 13.Na3 Qa6 14.Re1 O-O-O 15.Bf1 Qb6
16.Qxb6 axb6 17.Nb5 e5 18.a4 Rd7 19.Na3 Bxa3 20.Rxa3 Rhd8 21.Be2 g5 22.Bf3 g4
23.Be4 Ne7 24.Bxf5 Nxf5 25.Rb3 Kc7 26.Rb4 h5 27.Kf1 Rd1 28.Ke2 Rxe1+ 29.Kxe1 Ne7
30.Bh6 Nc6 31.Rb5 Rd7 32.Be3 f5 33.Bxb6+ Kc8 34.Rc5 h4 35.b4 Kb8 36.b5 f4
37.bxc6 bxc6 38.gxh4 e4 39.Rg5 g3 40.hxg3 f3 41.Re5 Rd3 42.Rxe4 Rxc3 43.Re3 Rc2
44.Rxf3 c5 45.h5 Rc1+ 46.Kd2 Rh1  1-0

[Event "10th Orlova Open"]
[Site "Orlova CZE"]
[Date "2013.05.13"]
[Round "1.10"]
[White "Ocko,Dominik"]
[Black "Chlevistan,J"]
[Result "0-1"]
[WhiteElo "1423"]
[BlackElo "2119"]

1.e4 c5 2.c3 Nf6 3.e5 Nd5 4.Bc4 Nb6 5.Bb3 c4 6.Bc2 Nc6 7.Nf3 d6 8.exd6 e5
9.O-O Bxd6 10.d3 cxd3 11.Qxd3 f5 12.Ng5 h6 13.Qh3 Qf6 14.Re1 g6 15.Nf3 Be6
16.b3 O-O-O 17.Nfd2 e4 18.Qe3 Nd5 19.Qe2 Nxc3 20.Qe3 Nd5 21.Qe2 Qxa1  0-1

[Event "2nd Jan Van Leeuwen Memorial"]
[Site "Ghent BEL"]
[Date "2013.05.14"]
[Round "8.5"]
[White "De Block,Gert"]
[Black "Carlier,Sven"]
[Result "0-1"]
[WhiteElo "1704"]
[BlackElo "1873"]

1.e4 c5 2.c3 Nf6 3.e5 Nd5 4.d4 cxd4 5.cxd4 e6 6.Bc4 Nb6 7.Bb3 d6 8.Nf3 Bd7
9.Nc3 Bc6 10.O-O dxe5 11.Nxe5 Be7 12.Nxf7 Kxf7 13.Bxe6+ Kxe6 14.Qh5 g6 15.Qe5+ Kf7
16.d5 Nxd5 17.Nxd5 Qxd5  0-1

[Event "Victory Day Open 2013"]
[Site "Moscow RUS"]
[Date "2013.05.14"]
[Round "7.11"]
[White "Dogodkina,J"]
[Black "Pak,Matvey"]
[Result "1-0"]
[WhiteElo "2146"]
[BlackElo "1887"]

1.e4 c5 2.c3 Nf6 3.e5 Nd5 4.d4 cxd4 5.Bc4 Nb6 6.Bb3 dxc3 7.Nxc3 e6 8.Ne4 Nc6
9.Bg5 Bb4+ 10.Kf1 Qc7 11.Nd6+ Kf8 12.Rc1 h6 13.Bh4 g5 14.Bg3 Bxd6 15.exd6 Qd8
16.h4 Kg7 17.Rc5 f6 18.Nf3 a5 19.Kg1 Kf7 20.hxg5 hxg5 21.Nxg5+ Kg7 22.Nh7 Qe8
23.Nxf6  1-0

[Event "6th Calgary International 2013"]
[Site "Calgary CAN"]
[Date "2013.05.16"]
[Round "4"]
[White "Yam,Alex"]
[Black "Jayakumar,A"]
[Result "0-1"]
[WhiteElo "2283"]
[BlackElo "2336"]

1.e4 c5 2.c3 Nf6 3.e5 Nd5 4.d4 cxd4 5.Nf3 Nc6 6.cxd4 d6 7.Bc4 Nb6 8.Bb3 dxe5
9.d5 Na5 10.Nc3 f6 11.O-O e6 12.dxe6 Qxd1 13.Rxd1 Nxb3 14.axb3 Bxe6 15.Be3 Nd7
16.Nb5 Kf7 17.Nc7 Rc8 18.Nxe6 Kxe6 19.Rxa7 Rc7 20.Rc1 Rxc1+ 21.Bxc1 b6 22.Ra8 g6
23.Kf1 Bg7 24.Rxh8 Bxh8 25.Ke2 e4 26.Nd4+ Kd5 27.Nb5 f5 28.Nc3+ Kc6 29.f3 Nc5
30.b4 Nd3 31.b5+ Kd6 32.Be3 Nxb2 33.Na4 Nxa4  0-1

[Event "BSG Pinkstertoernooi 2013"]
[Site "Bussum NED"]
[Date "2013.05.18"]
[Round "2.3"]
[White "Jellema,Y"]
[Black "Riemersma,L"]
[Result "0-1"]
[WhiteElo "2222"]
[BlackElo "2427"]

1.e4 c5 2.c3 Nf6 3.e5 Nd5 4.d4 cxd4 5.cxd4 d6 6.Bc4 e6 7.Nf3 Nc6 8.O-O Be7
9.Nbd2 O-O 10.Ne4 dxe5 11.dxe5 Qc7 12.Bxd5 Rd8 13.Qc2 exd5 14.Neg5 g6 15.Bf4 Bf5
16.Qe2 Qd7 17.Rac1 Re8 18.Rfd1 Rad8 19.h4 h6 20.e6 fxe6 21.Nf7 e5 22.Rxc6 bxc6
23.N3xe5 Qe6 24.g4 Be4 25.Nxh6+ Kh7 26.Nhf7 Rf8 27.Nxd8 Bxd8 28.Bh2 Bf3 29.Qd3 Bxd1
30.h5 Bc7 31.hxg6+ Kg7 32.Qh3 Rh8 33.Qc3 Kg8  0-1

[Event "6th Calgary International 2013"]
[Site "Calgary CAN"]
[Date "2013.05.18"]
[Round "6"]
[White "Yam,Alex"]
[Black "Nguyen,Kim"]
[Result "1-0"]
[WhiteElo "2283"]
[BlackElo "2079"]

1.e4 c5 2.c3 Nf6 3.e5 Nd5 4.d4 cxd4 5.Nf3 Nc6 6.cxd4 d6 7.Bc4 Nb6 8.Bb3 dxe5
9.d5 Na5 10.Nc3 f6 11.O-O e6 12.Nxe5 Nxb3 13.axb3 fxe5 14.Qh5+ g6 15.Qxe5 Rg8
16.dxe6 Qd6 17.Qb5+ Qc6 18.Re1 Bg7 19.Qe2 Rf8 20.Ra5 Bd4 21.Be3 Bxc3 22.bxc3 Rf6
23.Re5 Nd5 24.Bg5 Rf8 25.Qd2 Ne7 26.Rd1 Bxe6 27.Qd6 Qxd6 28.Rxd6 Rd8 29.Rxd8+ Kxd8
30.Rxe6 Re8 31.f4 Kd7 32.Rxe7+ Rxe7 33.Bxe7 Kxe7 34.Kf2 a5 35.Ke3 h5 36.Kd4 Kd6
37.g3 h4 38.g4 b5 39.c4 a4 40.cxb5 axb3 41.Kc3 Kc5 42.f5 gxf5 43.gxf5  1-0

[Event "ch-KGZ Men 2013"]
[Site "Bishkek KGZ"]
[Date "2013.05.19"]
[Round "11"]
[White "Umarbekov,A"]
[Black "Nurlanov,Zhakshylyk"]
[Result "0-1"]
[WhiteElo "2234"]
[BlackElo "1921"]

1.e4 c5 2.c3 Nf6 3.e5 Nd5 4.d4 d6 5.f4 h5 6.Nf3 Bf5 7.Bd3 Bxd3 8.Qxd3 Nc6
9.O-O Qd7 10.a3 e6 11.Nbd2 cxd4 12.Nxd4 dxe5 13.fxe5 Nxe5 14.Qg3 Ng4 15.Ne4 Ngf6
16.Ng5 Bc5 17.Kh1 Bxd4 18.cxd4 O-O 19.Nh3 Qc7 20.Qh4 Ng4 21.Nf4 Qc4 22.Rd1 Qc2
23.Rf1 Qc4 24.Bd2 Qxd4 25.Rad1 Nxf4 26.Bxf4 Qxb2 27.h3 Nf6 28.Rde1 Qd4 29.Qg5 Ne4
30.Qxh5 Nf2+ 31.Kh2 Qxf4+ 32.g3 Qd4 33.Qe2 Ne4 34.Qxe4 Qxe4 35.Rxe4 Rac8
36.h4 Rc2+ 37.Kh3 Rd8 38.Rb4 b6 39.Kg4 Rd3 40.a4 Rcc3 41.Rg1 f5+ 42.Kh3 Kf7
43.Kh2 Kf6 44.Rg2 Ra3 45.g4 Rh3+ 46.Kg1 Ra1+ 47.Kf2 Ra2+ 48.Kf1 Ra1+  0-1

[Event "BSG Pinkstertoernooi 2013"]
[Site "Bussum NED"]
[Date "2013.05.19"]
[Round "5.11"]
[White "Jellema,Y"]
[Black "Vereggen,L"]
[Result "0-1"]
[WhiteElo "2222"]
[BlackElo "2068"]

1.e4 c5 2.c3 Nf6 3.e5 Nd5 4.d4 cxd4 5.cxd4 Nc6 6.Nc3 Nb6 7.a4 a5 8.Bb5 e6
9.Nge2 Be7 10.O-O O-O 11.f4 d6 12.Be3 Nb4 13.Ng3 f5 14.exf6 Bxf6 15.Nce4 N6d5
16.Bc1 Qe7 17.Nxf6+ Qxf6 18.Ra3 Qe7 19.f5 exf5 20.Nh5 Bd7 21.Re1 Qf7 22.Rg3 g6
23.Bc4 Rae8 24.Rf1 Rc8 25.Bb3 b5 26.Nf4 bxa4 27.Qh5 Be8 28.Nxd5 axb3 29.Nxb4 axb4
30.Bh6 Bb5 31.Bxf8 Bxf1 32.Bxd6 Bxg2 33.Be5 Ba8 34.Qh6 Rc2 35.h4 f4 36.Rg4 f3
37.d5 f2+ 38.Kf1 Bxd5 39.Qf4 Bc4+  0-1

[Event "Gligoric Cup 2013"]
[Site "Banja Koviljaca SRB"]
[Date "2013.05.20"]
[Round "1.6"]
[White "Markovic,Dr1"]
[Black "Rajkovic,Du"]
[Result "1/2-1/2"]
[WhiteElo "2238"]
[BlackElo "2392"]

1.e4 c5 2.c3 Nf6 3.e5 Nd5 4.d4 cxd4 5.Nf3 e6 6.cxd4 d6 7.Bc4 Nc6 8.O-O Be7
9.Qe2 O-O 10.Qe4 Ndb4 11.exd6 Qxd6 12.Nc3 f5 13.Qe2 Bf6 14.Nb5 Qd7 15.Bf4 Nd5
16.Bxd5 exd5 17.Rfe1 a6 18.Nd6 h6 19.h4 Bd8 20.g3 Ba5 21.Nxc8 Raxc8 22.Qe6+ Qxe6
23.Rxe6 Rfe8 24.Rxe8+ Rxe8 25.Kf1 Bb6 26.Rd1 Re6 27.a3 Kf8 28.b4 Ke8 29.Be5 Kf7
30.Bf4 Ke7 31.Be5 Kf7 32.Bf4  1/2-1/2

[Event "Gligoric Cup 2013"]
[Site "Banja Koviljaca SRB"]
[Date "2013.05.21"]
[Round "2.7"]
[White "Markovic,Dr1"]
[Black "Skoko,Mil"]
[Result "1/2-1/2"]
[WhiteElo "2238"]
[BlackElo "2236"]

1.e4 c5 2.c3 Nf6 3.e5 Nd5 4.d4 cxd4 5.Nf3 Nc6 6.cxd4 d6 7.Nc3 dxe5 8.dxe5 Ndb4
9.a3 Qxd1+ 10.Kxd1 Na6 11.Bxa6 bxa6 12.Nd5 Rb8 13.Re1 e6 14.Nc3 Be7 15.Ke2 O-O
16.Be3 Bb7 17.Rad1 Rfd8 18.Rxd8+ Rxd8 19.Rd1 Rxd1 20.Kxd1 Na5 21.Bxa7 Nc4
22.Kc2 Bxf3 23.gxf3 Nxe5 24.f4 Ng6 25.Be3 Bd6 26.Ne2 Kf8 27.Kd3 Ke8 28.b4 Kd7
29.Kc4 Ne7 30.Nc3 Nf5 31.Ne4 Kc6 32.Ng5 e5 33.fxe5 Bxe5 34.h3 Nd6+ 35.Kb3 h6
36.Nf3 f6 37.a4 g5 38.Nxe5+ fxe5  1/2-1/2

[Event "15th Ajuinentornooi 2013"]
[Site "Aalst BEL"]
[Date "2013.05.22"]
[Round "6.14"]
[White "Ponnet,Gu"]
[Black "Hajenius,W"]
[Result "0-1"]
[WhiteElo "1732"]
[BlackElo "1913"]

1.e4 c5 2.c3 Nf6 3.e5 Nd5 4.d4 cxd4 5.cxd4 d6 6.Bc4 Nb6 7.Bb5+ Nc6 8.Nc3 a6
9.Ba4 Nxa4 10.Qxa4 Bd7 11.exd6 b5 12.Qd1 exd6 13.Qe2+ Be7 14.Nf3 O-O 15.O-O Re8
16.Nd5 Bf8 17.Qd3 h6 18.Bd2 Be6 19.Ne3 d5 20.Rac1 Qd7 21.Rfe1 Bd6 22.Nh4 Ne7
23.h3 Bxh3 24.Nxd5 Nxd5 25.Qxh3 Qxh3 26.gxh3 Bf4 27.Rc2 Rxe1+ 28.Bxe1 Re8
29.Ng2 Re4 30.Rc8+ Kh7 31.Ra8 Rxd4 32.Rxa6 Be5 33.Kf1 Rd3 34.Ra5 Nc7 35.h4 Bxb2
36.Ke2 Rd5 37.Ne3 Rd4 38.Nf5 Re4+ 39.Ne3 Rxh4 40.f3 Ra4 41.Nd1 Be5 42.Kd3 Rxa5
43.Bxa5 h5 44.Ke4 Bg3 45.Ne3 g6 46.Nf1 Bd6 47.Ke3 Ne6 48.Ke4 h4 49.Kd5 Bf4
50.Ke4 h3 51.Be1 h2 52.Nxh2 Bxh2 53.Kd5 g5 54.Kc6 Nd4+ 55.Kc5 Bg1 56.Bb4 Kg6
57.a3 Kf5 58.Kb6 Kf4 59.Bc5 Kxf3 60.Bxd4 Bxd4+  0-1

[Event "Gligoric Cup 2013"]
[Site "Banja Koviljaca SRB"]
[Date "2013.05.24"]
[Round "5.1"]
[White "Pap,M"]
[Black "Perunovic,Mil"]
[Result "1/2-1/2"]
[WhiteElo "2476"]
[BlackElo "2630"]

1.e4 c5 2.c3 Nf6 3.e5 Nd5 4.d4 cxd4 5.Nf3 e6 6.cxd4 d6 7.Bc4 Be7 8.Qe2 O-O
9.O-O b6 10.Nc3 Nxc3 11.bxc3 Bb7 12.Bf4 Qc7 13.Bg3 Bxf3 14.Qxf3 Nd7 15.exd6 Bxd6
16.Bxd6 Qxd6 17.a4 a5 18.Bb5 Nf6 19.Rfe1 Rac8 20.Rad1 Nd5 21.c4 Nb4 22.Rd2 Rfd8
23.Red1 Qe7 24.Qe3 Rd6 25.g3 g6 26.h4 Rcd8 27.d5 Kg7 28.dxe6 Rxd2 29.Rxd2 Rxd2
30.Qxd2 Qxe6 31.c5 Qf6 32.cxb6 Qxb6 33.Qc3+ Kg8 34.Qc8+ Kg7 35.Qc3+ Kg8 36.Qc8+ Kg7  1/2-1/2

[Event "TCh-POL Ekstraliga 2013"]
[Site "Wroclaw POL"]
[Date "2013.05.24"]
[Round "1"]
[White "Jakubiec,A"]
[Black "Piorun,K"]
[Result "0-1"]
[WhiteElo "2531"]
[BlackElo "2559"]

1.e4 c5 2.c3 Nf6 3.e5 Nd5 4.Nf3 Nc6 5.d4 cxd4 6.cxd4 d6 7.Bc4 Nb6 8.Bb5 Bd7
9.Nc3 dxe5 10.dxe5 g6 11.O-O Bg7 12.Bf4 O-O 13.h3 Qc7 14.Rc1 Rfd8 15.Qe2 Be6
16.Ne4 Nd5 17.Bg3 Bh6 18.Neg5 Bxg5 19.Nxg5 Nd4 20.Qe4 Qb6 21.Qh4 h5 22.Nxe6 Nxe6
23.Bc4 Qxb2 24.Rb1 Qd4 25.Bxd5 Qxd5 26.Qxe7 Rd7 27.Qf6 Qxa2 28.Rfd1 Rxd1+
29.Rxd1 Qa4 30.Rd6 Re8 31.f4 Qe4 32.Rd7 Rf8 33.Rxf7 Rxf7 34.Qxe6 Kg7 35.Kh2 a5
36.Qd6 Qc6 37.Qd4 Rd7 38.Qb2 Qe6 39.f5 gxf5 40.Qe2 Kg6 41.Bh4 Rd4 42.Bf6 Qc4
43.Qe3 f4 44.Qe1 Qc2 45.Qh4 Qf5 46.Qf2 Qd3 47.Bh4 Kf5 48.Qb2 Rb4 49.Qa2 Rb3  0-1

[Event "e2e4 Sunningdale Open"]
[Site "Ascot ENG"]
[Date "2013.05.25"]
[Round "3"]
[White "Buchicchio,Giam"]
[Black "Bridge,Neil A"]
[Result "1-0"]
[WhiteElo "2306"]
[BlackElo "2075"]

1.e4 c5 2.c3 Nf6 3.e5 Nd5 4.d4 cxd4 5.Nf3 e6 6.cxd4 d6 7.Bc4 Nb6 8.Bd3 Nc6
9.Qe2 Nb4 10.Bb5+ Bd7 11.O-O a6 12.Bxd7+ Qxd7 13.Be3 N6d5 14.Nc3 Be7 15.Bd2 O-O
16.Ne4 Qb5 17.Qxb5 axb5 18.exd6 Bf6 19.a3 Nc6 20.Be3 Rfd8 21.Rfc1 Na5 22.Nfd2 b6
23.a4 b4 24.b3 Rac8 25.Rab1 Rxc1+ 26.Rxc1 Kf8 27.g4 h6 28.Nxf6 Nxf6 29.Nc4 Nxb3
30.Rb1 Na5 31.Nxb6 Rxd6 32.Rxb4 Nd5 33.Nxd5 Rxd5 34.Kf1 Ke7 35.Ke2 Kd7 36.Kd3 Nc6
37.Rb7+ Kc8 38.Rb1 Ne5+ 39.Kc3 Nxg4 40.Rg1 f5 41.h4 g5 42.hxg5 hxg5 43.Bxg5 Nxf2
44.Bf4 Ne4+ 45.Kc4 Ra5 46.Kb4 Rd5 47.Be5 Nf2 48.Rg8+ Kb7 49.Rg7+ Ka6 50.Re7 Nd3+
51.Kc3 Nc5 52.Kc4 f4 53.Bxf4 Rf5 54.Bb8 Nb7 55.Rxe6+ Ka5 56.Bc7+ Kxa4 57.Ra6+  1-0

[Event "22nd TCh-CRO Cup 2013"]
[Site "Bol na Bracu CRO"]
[Date "2013.05.25"]
[Round "5.93"]
[White "Jelcic,Marko"]
[Black "Berke,A"]
[Result "1/2-1/2"]
[WhiteElo "2124"]
[BlackElo "2137"]

1.e4 c5 2.c3 Nf6 3.e5 Nd5 4.Nf3 Nc6 5.Bc4 e6 6.d4 cxd4 7.cxd4 d6 8.Qe2 Be7
9.O-O O-O 10.Nc3 Nxc3 11.bxc3 dxe5 12.dxe5 Qa5 13.Qe4 Qa4 14.Bg5 h6 15.Bxe7 Nxe7
16.Rab1 Rb8 17.Rb4 Qc6 18.Qg4 b6 19.Bd3 Bb7 20.Rc4 Qd7 21.Rd1 Bd5 22.Qg3 g6
23.Rh4 Kg7 24.Qf4 Ng8 25.Be4 Qa4 26.Rd4 Qxa2 27.Qc1 Bxe4 28.Rdxe4 Rfd8 29.Rh3 Qd5
30.Rd4 Qc5 31.Rdh4 Rd3 32.Rxh6 Rbd8 33.Rh7+ Kf8 34.Ne1 Rxh3 35.gxh3 Qxe5
36.Nf3 Qe2 37.Qa3+ Ke8 38.Qa4+ b5 39.Qf4 Qd1+ 40.Kg2 Qd7 41.Qg5 Qd5 42.Qf4 e5
43.Qxe5+ Qxe5 44.Nxe5 Rd5 45.f4 a5 46.Rh8 Kf8 47.Rh7 Ne7 48.Rxf7+ Ke8 49.Rf6 g5
50.Ra6 Kf8 51.Rxa5 gxf4 52.Nf3 Nf5 53.Nd4 Nxd4 54.cxd4  1/2-1/2

[Event "22nd TCh-CRO Cup 2013"]
[Site "Bol na Bracu CRO"]
[Date "2013.05.25"]
[Round "5.31"]
[White "Trbojevic,M"]
[Black "Lalic,B"]
[Result "1/2-1/2"]
[WhiteElo "2324"]
[BlackElo "2493"]

1.e4 c5 2.c3 Nf6 3.e5 Nd5 4.Nf3 Nc6 5.Bc4 Nb6 6.Bb3 d5 7.exd6 c4 8.Bc2 e5
9.O-O Be6 10.Re1 Bxd6 11.d3 cxd3 12.Qxd3 h6 13.Nbd2 Bc7 14.Qe2 O-O 15.a4 a6  1/2-1/2